Città africane - Quiz con mappa - Statistics

Statistiche generali
  • Questo quiz è stato fatto 95 volte
  • Il punteggio medio è 19 su 28
Risposte nella Mappa
Le risposte nella mappa del quiz sottostante sono codificate secondo una scala di colori dal rosso al verde in base alla % di persone che hanno risposto correttamente.
 
Statistiche sulle risposte
Risposta % Corretto
Il Cairo
94%
Algeri
85%
Casablanca
82%
Tunisi
82%
Città del Capo
81%
Tripoli
81%
Addis Abeba
78%
Antananarivo
75%
Dakar
75%
Gibuti
75%
Johannesburg
72%
Khartum
71%
Nairobi
69%
Mogadiscio
68%
Kinshasa
64%
Lagos
63%
Luanda
61%
Luxor
61%
Kampala
60%
Monrovia
58%
N'Djamena
58%
Abuja
57%
Lusaka
57%
Niamey
53%
Dar es Salam
50%
Timbuctu
49%
Abidjan
42%
Mombasa
36%
Nessun quiz corrispondente trovato
Distribuzione punteggi
Percentuale di utenti per punteggio
Percentile per numero di risposta
I tuoi punteggi nel tempo
Non hai fatto questo quiz